1906 1490 1437 1338 1758 1983 1393 1733 1359 1137 1230 1723 1680 1123 1758 1572 1900 1902 1672 1956 1068 1981 1084 1730 1119 1017 1098 1640 1553 1787 1742 1975 1420 1979 1116 1522 1873 1647 1216 1400 1243 1684 1157 1120 1086 1021 1264 1469 1873 1778 1381 1172 1802 1210 1195 1352 1028 1781 1360 1897 1807 1273 1914 1757 1189 1774 1833 1823 1766 1652 1643 1399 1041 1858 1080 1847 1671 1959 1863 1369 1248 1621 1089 1716 1477 1816 1372 1792 1395 1815 1402 1362 1783 1658 1034 1697 1170 1365 1762 BCNSPRNW ULIB Ver.6.0+V

เปลี่ยนเป็นภาษาไทย

Change to English
 แสดงรายละเอียดบรรณานุกรม
  กลับหน้าหลัก

Brief Record : Get Marc (ISO 2709) : E-mail record : QR code < ปิดหน้าต่าง
LEADER : 00000nam 2200000uu 4500
001    13399111532
003     ULIB
008    110630s||||||||th 000 0 tha d
020    9789742729646
050 04 BQ4570.H3^bพ4ห 2548
100 0  พระเทพโสภณ (ประยูร)
245 10 หว่านรักให้เต็มโลก /^cพระเทพโสภณ (ประยูร ธมฺมจิตโต)
250    พิมพ์ครั้งที่ 2
260    กรุงเทพฯ :^bอมรินทร์,^c2548
300    118 หน้า :^bภาพประกอบ
650  7 ธรรมะ
650  7 ความรัก^xแง่ศาสนา^xพุทธศาสนา
945    ^p85^l0^i018304
995    ทศพร
999 ^a ใช้งานได้ทุกระบบ
รายการนี้ยังไม่มีแท็ก
คุณยังไม่ได้ล็อกอิน คุณสามารถมีกิจกรรมร่วมกับเว็บไซต์ได้ แต่ต้องล็อกอินก่อน ::
  ล็อกอิน

รายการสื่อสารสนเทศ

ลำดับที่ ประเภท เลขเรียก/บาร์โค้ด สถานที่ สถานะ
- ไม่พบข้อมูล -

รายการใกล้เคียง
    ผู้แต่ง [พระเทพโสภณ (ประยูร)]

    หัวเรื่อง [ธรรมะ]

BibComment


ยังไม่เคยถูกคอมเมนท์

คอมเมนท์ทรัพยากรรายการนี้
  คอมเมนท์: หว่านรักให้เต็มโล..


 Copyright 2026. Bcnsprnw @Library